Sales (Distributed Network) Order System (Record no. 69349)

MARC details
000 -LEADER
fixed length control field 00347nam a2200145Ia 4500
008 - FIXED-LENGTH DATA ELEMENTS--GENERAL INFORMATION
fixed length control field 221007s9999 xx 000 0 und d
041 ## - LANGUAGE CODE
Language code of text/sound track or separate title eng
082 ## - DEWEY DECIMAL CLASSIFICATION NUMBER
Item number JOS
100 ## - MAIN ENTRY--PERSONAL NAME
Personal name Joshi P
9 (RLIN) 25186
245 ## - TITLE STATEMENT
Title Sales (Distributed Network) Order System
260 ## - PUBLICATION, DISTRIBUTION, ETC. (IMPRINT)
Date of publication, distribution, etc. 2003
Name of publisher, distributor, etc. Pune University
Place of publication, distribution, etc. Pune
300 ## - PHYSICAL DESCRIPTION
Extent 94p
520 ## - SUMMARY, ETC.
Summary, etc. Vaze S
906 ## - LOCAL DATA ELEMENT F, LDF (RLIN)
b General
Holdings
Withdrawn status Lost status Damaged status Not for loan Home library Current library Date acquired Vendor Total Checkouts Full call number Barcode Date last seen Bill Date Koha item type Original Barcode
        Smt. Hiraben Nanavati Institute of Management & Research for Women Smt. Hiraben Nanavati Institute of Management & Research for Women 17/08/2006 Satya Gilani   JOS HIMR-PR-248 07/10/2022 17/08/2006 Project Reports PR0248
        Smt. Hiraben Nanavati Institute of Management & Research for Women Smt. Hiraben Nanavati Institute of Management & Research for Women 08/10/2007 HNIMR   JOS HIMR-PR-190 07/10/2022 08/10/2007 Project Reports PR0190